| 000 | 00535nam a22001577a 4500 | ||
|---|---|---|---|
| 003 | OSt | ||
| 005 | 20140310181757.0 | ||
| 008 | 130701t xxu||||| |||| 00| 0 eng d | ||
| 050 |
_aHV 6570 _b.F813 2004 |
||
| 082 |
_aFIL 362.709599 _bC83 2000 |
||
| 245 |
_aFramework of action against commercial sexual exploitation of children : _ba vision and framework for action 2000-2004 / |
||
| 260 |
_aManila, Philippines _bCouncil for the Welfare of Children _c2004. |
||
| 300 |
_a101 p. : _bill. ; _c28 cm. |
||
| 942 |
_2lcc _cBK |
||
| 999 |
_c3482 _d3482 |
||